Súčasné trendy daňovej politiky v krajinách OECD
Súčasné trendy daňových príjmov a daňových sadzieb v členských krajinách OECD. Hlavné príjmové zdroje: dane z príjmu, dane z tovarov a príjmy zo sociálneho zabezpečenia. Podiel hlavných daní na celkových daňových príjmoch. Sadzby daní z príjmu fyzických a právnických osôb. Trend znižovania daňových...
Guardado en:
| Autor principal: | |
|---|---|
| Formato: | Capítulo de libro |
| Lenguaje: | eslovaco |
| Materias: | |
| Etiquetas: |
Sin Etiquetas, Sea el primero en etiquetar este registro!
|
MARC
| LEADER | 00000nla$a2200000$$$4500 | ||
|---|---|---|---|
| 001 | 0059691 | ||
| 005 | 20240614130234.8 | ||
| 041 | 0 | |a slo | |
| 044 | |a CZ | ||
| 245 | 1 | 0 | |a Súčasné trendy daňovej politiky v krajinách OECD |c Jana Kušnírová |
| 520 | |a Súčasné trendy daňových príjmov a daňových sadzieb v členských krajinách OECD. Hlavné príjmové zdroje: dane z príjmu, dane z tovarov a príjmy zo sociálneho zabezpečenia. Podiel hlavných daní na celkových daňových príjmoch. Sadzby daní z príjmu fyzických a právnických osôb. Trend znižovania daňových sadzieb právnických osôb. Dane s dopadom na životné prostredie. | ||
| 610 | 2 | 0 | |a politika daňová |
| 610 | 2 | 0 | |a dane z príjmov |
| 610 | 2 | 0 | |a dane spotrebné |
| 610 | 2 | 0 | |a dane z hodnoty pridanej |
| 610 | 2 | 0 | |a dane ekologické |
| 610 | 2 | 0 | |a sadzby daňové |
| 610 | 2 | 0 | |a krajiny vyspelé |
| 610 | 2 | 0 | |a OECD |
| 100 | 1 | |a Kušnírová, Jana, 1977- | |